Transport Science and Technology (Record no. 11144)
[ view plain ]
| 000 -LEADER | |
|---|---|
| fixed length control field | 01360cam a2200385 a 4500 |
| 001 - CONTROL NUMBER | |
| control field | 15675977 |
| 005 - DATE AND TIME OF LATEST TRANSACTION | |
| control field | 20201128020721.0 |
| 006 - FIXED-LENGTH DATA ELEMENTS--ADDITIONAL MATERIAL CHARACTERISTICS--GENERAL INFORMATION | |
| fixed length control field | m d |
| 007 - PHYSICAL DESCRIPTION FIXED FIELD--GENERAL INFORMATION | |
| fixed length control field | cr ||||||||||| |
| 008 - FIXED-LENGTH DATA ELEMENTS--GENERAL INFORMATION | |
| fixed length control field | 070214s2007 enkab sb 100 0 eng d |
| 010 ## - LIBRARY OF CONGRESS CONTROL NUMBER | |
| LC control number | 2009659162 |
| 020 ## - INTERNATIONAL STANDARD BOOK NUMBER | |
| International Standard Book Number | 9786610746668 |
| 020 ## - INTERNATIONAL STANDARD BOOK NUMBER | |
| Cancelled/invalid ISBN | 0080447074 (Cloth) |
| 020 ## - INTERNATIONAL STANDARD BOOK NUMBER | |
| Cancelled/invalid ISBN | 0080467547 (electronic bk.) |
| 020 ## - INTERNATIONAL STANDARD BOOK NUMBER | |
| Cancelled/invalid ISBN | 9780080447070 |
| 035 ## - SYSTEM CONTROL NUMBER | |
| System control number | (UK-RwCLS)cis5823630 |
| 037 ## - | |
| -- | 074666 |
| -- | MIL |
| 040 ## - CATALOGING SOURCE | |
| Original cataloging agency | UK-RwCLS |
| Transcribing agency | UK-RwCLS |
| Modifying agency | DLC |
| 042 ## - AUTHENTICATION CODE | |
| Authentication code | lccopycat |
| 050 00 - LIBRARY OF CONGRESS CALL NUMBER | |
| Classification number | HE192.5 |
| 082 04 - DEWEY DECIMAL CLASSIFICATION NUMBER | |
| Classification number | 380.505 |
| Edition number | 22 |
| Item number | TRA |
| 245 00 - TITLE STATEMENT | |
| Title | Transport Science and Technology |
| Medium | [electronic resource] / |
| Statement of responsibility, etc | edited by Konstadinos G. Goulias. |
| 246 3# - VARYING FORM OF TITLE | |
| Title proper/short title | Transport science & technology |
| 250 ## - EDITION STATEMENT | |
| Edition statement | 1st ed. |
| 260 ## - PUBLICATION, DISTRIBUTION, ETC. (IMPRINT) | |
| Place of publication, distribution, etc | Oxford ; |
| -- | Boston : |
| Name of publisher, distributor, etc | Elsevier, |
| Date of publication, distribution, etc | c2007. |
| 300 ## - PHYSICAL DESCRIPTION | |
| Extent | 1 online resource (xi, 496 p. : |
| Other physical details | ill., maps) |
| Dimensions | 24 cm. |
| 500 ## - GENERAL NOTE | |
| General note | Title from e-book title screen (viewed October 15, 2007). |
| 504 ## - BIBLIOGRAPHY, ETC. NOTE | |
| Bibliography, etc | Includes bibliographical references. |
| 530 ## - ADDITIONAL PHYSICAL FORM AVAILABLE NOTE | |
| Additional physical form available note | Also available in print. |
| 650 #0 - SUBJECT ADDED ENTRY--TOPICAL TERM | |
| Topical term or geographic name as entry element | Transportation |
| General subdivision | Research |
| Form subdivision | Congresses. |
| 9 (RLIN) | 2955 |
| 700 1# - ADDED ENTRY--PERSONAL NAME | |
| Personal name | Goulias, Konstadinos G. |
| 9 (RLIN) | 2956 |
| 711 2# - ADDED ENTRY--MEETING NAME | |
| Meeting name or jurisdiction name as entry element | Transportation Science and Technology Congress (TRANSTEC) |
| Date of meeting | (2004 : |
| Location of meeting | Athens, Greece) |
| 9 (RLIN) | 2957 |
| 856 40 - ELECTRONIC LOCATION AND ACCESS | |
| Public note | Connect to MyiLibrary resource |
| Uniform Resource Identifier | <a href="http://www.myilibrary.com?id=74666">http://www.myilibrary.com?id=74666</a> |
| 942 ## - ADDED ENTRY ELEMENTS (KOHA) | |
| Source of classification or shelving scheme | Dewey Decimal Classification |
| Item type | Book - Borrowing |
| Withdrawn status | Item status | Source of classification or shelving scheme | Damaged status | Not for loan | Vendor | Home library | Current library | Shelving location | Date acquired | Source of acquisition | Cost, normal purchase price | Serial Enumeration / chronology | Total Checkouts | Full call number | Barcode | Date last seen | Koha item type |
|---|---|---|---|---|---|---|---|---|---|---|---|---|---|---|---|---|---|
| Dewey Decimal Classification | Alahram | Central Library | Central Library | First floor | 31/03/2009 | 967.50 | 371 | 380.505 TRA | 000015744 | 15/07/2025 | Book - Borrowing |